| 000 | 00924nam a2200205Ii 4500 | ||
|---|---|---|---|
| 003 | JO-AjNU | ||
| 008 | 230605s9999||||xx |||||||||||||| ||und|| | ||
| 017 | _a2011/6/2365 | ||
| 040 |
_aJO-AjNU _bara _erda _cJO-AjNU |
||
| 041 | _aara | ||
| 050 | 1 | 4 | _aDS153.B8448 2011 |
| 100 | 3 |
_aبقلم سلمان، الارشمندريت بولس, _eauthor _961126 |
|
| 245 | 0 | 0 | _aخمسة اعوام في شرقي الاردن: ابحاث اخلاقية، ادبية، قضائية، دينية |
| 264 | 3 | 1 | _aعمان: وزارة الثقافة، 2011 |
| 300 |
_a224ص _bيحتوي على صور توضيحية / مكتبة الاسرة القراءه للجميع2011/ عمان: وزارة الثقافة |
||
| 336 |
_atext _btxt _2rdacontent |
||
| 337 |
_aunmediated _bn _2rdamedia |
||
| 338 |
_avolume _bnc _2rdacarrier |
||
| 650 | 4 |
_aالاردن-تاريخ-احوال اجتماعية-حياة وعادات وتقاليد _961127 |
|
| 999 |
_aA27610 _c31178 _d31178 |
||